Строительная теплофизика. Теплофизические основы отопления, вентиляции и кондиционирования воздуха: учебник для вузов

Dettagli Bibliografici
Autore principale: Богословский В. Н. Вячеслав Николаевич
Lingua:russo
Pubblicazione: Москва, Высшая школа, 1982
Edizione:2-е изд., перераб. и доп.
Soggetti:
Natura: MixedMaterials Libro
KOHA link:https://koha.lib.tpu.ru/cgi-bin/koha/opac-detail.pl?biblionumber=104275

MARC

LEADER 00000nam0a2200000 4500
001 104275
005 20231031113916.0
035 |a (RuTPU)RU\TPU\book\112393 
090 |a 104275 
100 |a 20061030d1982 m y0rusy50 ca 
101 0 |a rus 
102 |a RU 
105 |a a j 001zy 
200 1 |a Строительная теплофизика. Теплофизические основы отопления, вентиляции и кондиционирования воздуха  |e учебник для вузов  |f В. Н. Богословский 
205 |a 2-е изд., перераб. и доп. 
210 |a Москва  |c Высшая школа  |d 1982 
215 |a 415 с.  |c ил. 
320 |a Библиогр.: с. 402-407. 
320 |a Предм.-имен. указ.: с. 408-412. 
610 1 |a строительство 
610 1 |a строительная теплотехника 
610 1 |a строительная теплофизика 
610 1 |a отопление 
610 1 |a вентиляция 
610 1 |a кондиционирование 
610 1 |a кондиционирование 
610 1 |a учебники 
675 |a 697.13(075.8)  |v 3 
700 1 |a Богословский  |b В. Н.  |g Вячеслав Николаевич 
801 1 |a RU  |b 63413507  |c 20061030  |g PSBO 
801 2 |a RU  |b 63413507  |c 20151202  |g PSBO 
942 |c BK